|
|
|
|
| LEADER |
00000naa a2200000uu 4500 |
| 001 |
vtls010941946 |
| 003 |
SK-MaSNL |
| 005 |
20260302142553.0 |
| 008 |
210904|2006 xo |||||||||||||||||eng| |
| 015 |
|
|
|a SNBRA
|
| 035 |
|
|
|a (urnnbn)urn:nbn:sk:snk:ar-a0bchd
|
| 035 |
|
|
|a (uuid)e3ec6c18-8850-4586-892e-57d64f2ba42d
|
| 035 |
|
|
|a urn:nbn:sk:snk-aau4qm
|
| 040 |
|
|
|a SNKBUCL
|b slo
|c SNKBUCL
|e AACR2
|
| 041 |
0 |
|
|a eng
|
| 044 |
|
|
|a xo
|c SK
|
| 100 |
1 |
|
|a Schlosser, Tibor,
|d 1957-
|4 aut
|9 160854
|
| 245 |
1 |
0 |
|a WHAT DO WE NEED FOR TRANSPORT MANAGEMENT IN ORDER TO INCREASE CAPACITY AND FLUENCY?
|c Tibor Schlosser
|
| 773 |
0 |
|
|t Regional Development and Transport Logistics
|d Of Žilina : Žilina University, 2006
|g S. 62-67
|z 8080706220
|
| 958 |
|
|
|a OND
|
| 958 |
|
|
|a article11
|
| 958 |
|
|
|a chapter
|
| 999 |
|
|
|c 1339913
|d 1341843
|